Central Library OPAC University of Rajshahi

The primary world of senses : (Record no. 29843)

MARC details
000 -LEADER
fixed length control field 01146nam a22003371 4500
001 - CONTROL NUMBER
control field 29843
003 - CONTROL NUMBER IDENTIFIER
rucl marc code BD-RjUL
005 - DATE AND TIME OF LATEST TRANSACTION
control field 20211209051453.0
008 - FIXED-LENGTH DATA ELEMENTS--GENERAL INFORMATION
fixed length control field 140407s1963 enk b 001 0 eng d
035 ## - SYSTEM CONTROL NUMBER
System control number (OCoLC)ocm02763368
System control number (BD-RjUL)29928
040 ## - CATALOGING SOURCE
Original cataloging agency NLM
Transcribing agency NLM
Modifying agency GPM
-- KSU
-- UKM
-- ZCU
-- BD-RjUL
Language of cataloging eng
041 1# - LANGUAGE CODE
Language code of text/sound track or separate title engger
082 00 - DEWEY DECIMAL CLASSIFICATION NUMBER
Classification number 152.1
Edition number 18
Author mark and year STP 1963
100 1# - MAIN ENTRY--PERSONAL NAME
Personal name Straus, Erwin W.
Fuller form of name (Erwin Walter),
Dates associated with a name 1891-1975.
9 (RLIN) 90811
245 14 - TITLE STATEMENT
Title The primary world of senses :
Remainder of title a vindication of sensory experience /
Statement of responsibility, etc. Erwin W. Straus.
260 ## - PUBLICATION, DISTRIBUTION, ETC. (IMPRINT)
Place of publication, distribution, etc. New York :
Name of publisher, distributor, etc. Free Press of Glencoe,
Date of publication, distribution, etc. c1963.
300 ## - PHYSICAL DESCRIPTION
Pagination xvi, 428 p. :
Illustrations ill.
Size 22 cm.
504 ## - BIBLIOGRAPHY, ETC. NOTE
Bibliography, etc Includes bibliographical references and index.
600 12 - SUBJECT ADDED ENTRY--PERSONAL NAME
Personal name Pavlov, Ivan Petrovich,
Dates associated with a name 1849-1936.
Personal name Pavlov, Ivan Petrovich,
Dates associated with a name 1849-1936.
650 #2 - SUBJECT ADDED ENTRY--TOPICAL TERM
Topical term or geographic name as entry element Conditioning, Classical.
9 (RLIN) 90812
Topical term or geographic name as entry element Perception.
9 (RLIN) 90813
Topical term or geographic name as entry element Sensation.
9 (RLIN) 5252
Topical term or geographic name as entry element Senses and sensation.
9 (RLIN) 5252
Topical term or geographic name as entry element Perception.
9 (RLIN) 90814
Topical term or geographic name as entry element Meaning (Psychology)
9 (RLIN) 361
Topical term or geographic name as entry element Conditioned response.
9 (RLIN) 7097
942 ## - ADDED ENTRY ELEMENTS (KOHA)
Source of classification or shelving scheme Dewey Decimal Classification
Koha item type Books
Holdings
Lost status Source of classification or shelving scheme Damaged status Not for loan Collection code Permanent Location Current Location Shelving location Date acquired Source of acquisition Cost, normal purchase price Total Checkouts Full call number Date last seen Copy number Koha item type
  Dewey Decimal Classification   Added to bundle Non-fiction Central Library, University of Rajshahi Central Library, University of Rajshahi Reading Room 23/09/1965 Zeitlinger. 55.00   152.1 STP 1963 07/04/2014 C-1 Books